[Event "SR Extraliga 2016/2017"]
[Site "?"]
[Date "2016.10.23"]
[Round "2.8"]
[White "Csonka, Attila Istvan"]
[Black "Szucs, Vladimir"]
[Result "1-0"]
[WhiteElo "2316"]
[BlackElo "2177"]
[PlyCount "137"]
[EventDate "2016.??.??"]

1. e4 e6 2. d4 d5 3. Nd2 c5 4. Ngf3 cxd4 5. Nxd4 Nc6 6. Bb5 Bd7 7. Nxc6 bxc6 8.
Bd3 Bd6 9. O-O Qc7 10. Nf3 Ne7 11. c4 O-O 12. Re1 dxc4 13. Bxc4 Ng6 14. h3 Rfd8
15. Qe2 Ne5 16. Bg5 Rdb8 17. b3 Nxf3+ 18. Qxf3 Bh2+ 19. Kh1 Be5 20. Rad1 c5 21.
Qg4 Bb5 22. Bxb5 Rxb5 23. f4 Bd4 24. e5 Qc8 25. Rd3 a5 26. Bf6 g6 27. h4 a4 28.
h5 axb3 29. axb3 Rab8 30. Rb1 R8b7 31. Qh3 R5b6 32. Rbd1 Qe8 33. Rg3 Ra6 34.
Rgd3 Rab6 35. Qf3 Qc6 36. Qxc6 Rxc6 37. Rc1 Rb4 38. Ra1 Rc8 39. Ra7 Rcb8 40.
hxg6 fxg6 41. Rg7+ Kf8 42. Rh3 R4b7 43. Rhxh7 Rxg7 44. Rxg7 Rxb3 45. Rc7 Bf2
46. g4 Bg3 47. Rxc5 Bxf4 48. Rc6 Kf7 49. Rc7+ Kf8 50. Kg2 g5 51. Kf2 Rb5 52.
Kf3 Bxe5 53. Rc8+ Kf7 54. Bxg5 Bf6 55. Be3 Rb3 56. Ke2 Bg7 57. Rc7+ Kg6 58. Re7
e5 59. Re6+ Kf7 60. Rc6 Bf6 61. g5 Bg7 62. Kf3 Rb1 63. g6+ Ke8 64. Rc7 Kf8 65.
Bc5+ Kg8 66. Rc8+ Bf8 67. Bxf8 Rf1+ 68. Ke4 Re1+ 69. Kd5 1-0

[Event "SR Extraliga 2016/2017"]
[Site "?"]
[Date "2016.10.23"]
[Round "2.1"]
[White "Cernousek, Lukas"]
[Black "Balogh, Csaba"]
[Result "1/2-1/2"]
[WhiteElo "2494"]
[BlackElo "2621"]
[PlyCount "89"]
[EventDate "2016.??.??"]

1. e4 e5 2. Nf3 Nc6 3. Bb5 Nf6 4. O-O Nxe4 5. Re1 Nd6 6. Nxe5 Be7 7. Bf1 Nxe5
8. Rxe5 O-O 9. Nc3 Ne8 10. Nd5 Bd6 11. Re1 c6 12. Ne3 Bc7 13. Nf5 d5 14. Ne7+
Kh8 15. Nxc8 Rxc8 16. d4 Nf6 17. f3 Nh5 18. g3 f5 19. c3 Qd6 20. Qe2 Qg6 21.
Qg2 Rce8 22. Bd2 f4 23. g4 Nf6 24. Rxe8 Rxe8 25. Re1 Rxe1 26. Bxe1 Qe8 27. Bd2
g5 28. Bd3 Kg7 29. Qf1 Qe7 30. Bc2 c5 31. Qd3 c4 32. Qf1 Qe8 33. Bb1 h5 34. h3
hxg4 35. hxg4 Nh7 36. Qd1 Nf8 37. Kf1 b5 38. b3 Qe6 39. Be1 Bb6 40. bxc4 bxc4
41. Bf5 Qe8 42. Bd2 Ng6 43. Qe2 Qxe2+ 44. Kxe2 Bc7 45. Bxg6 1/2-1/2

[Event "SR Extraliga 2016/2017"]
[Site "?"]
[Date "2016.10.23"]
[Round "2.2"]
[White "Michalik, Peter"]
[Black "Plat, Vojtech"]
[Result "1-0"]
[WhiteElo "2554"]
[BlackElo "2532"]
[PlyCount "53"]
[EventDate "2016.??.??"]

1. e4 c5 2. Nf3 Nc6 3. d4 cxd4 4. Nxd4 g6 5. Nc3 Bg7 6. Be3 Nf6 7. Bc4 Qa5 8.
O-O O-O 9. Bb3 d6 10. h3 Bd7 11. Nf3 Rac8 12. Re1 Rfd8 13. Qe2 Qh5 14. Rad1 b6
15. Bf4 Na5 16. Nd5 Re8 17. Nxf6+ exf6 18. Rxd6 Bc6 19. Bd5 f5 20. e5 Bxd5 21.
Rxd5 h6 22. Qd3 Nc6 23. Rd7 Re6 24. Rxf7 Rce8 25. Rc7 g5 26. Qxf5 Nd8 27. Rd1
1-0

[Event "SR Extraliga 2016/2017"]
[Site "?"]
[Date "2016.10.23"]
[Round "2.3"]
[White "Roubalik, Jakub"]
[Black "Rigo, Zsolt"]
[Result "1-0"]
[WhiteElo "2400"]
[BlackElo "2384"]
[PlyCount "71"]
[EventDate "2016.??.??"]

1. d4 Nf6 2. c4 e6 3. Nf3 b6 4. a3 Ba6 5. Qc2 Bb7 6. Nc3 c5 7. e4 cxd4 8. Nxd4
Bc5 9. Nf3 Nc6 10. Bd3 Ng4 11. O-O Qb8 12. Ne2 a5 13. h3 h5 14. Bf4 Bd6 15.
Bxd6 Qxd6 16. Rad1 Nge5 17. Nxe5 Qxe5 18. Nc3 Nd4 19. Qd2 Nb3 20. Qe3 Qc5 21.
Qg3 O-O 22. e5 Rad8 23. Be4 Bc6 24. Bxc6 Qxc6 25. Qh4 Qc5 26. Qxh5 Qxc4 27.
Rfe1 Nc5 28. Re3 f5 29. Ne2 f4 30. Rd4 Qc2 31. Rxf4 Rxf4 32. Nxf4 Rf8 33. Ng6
Rxf2 34. Qh8+ Kf7 35. Qf8+ Kxg6 36. Rg3+ 1-0

[Event "SR Extraliga 2016/2017"]
[Site "?"]
[Date "2016.10.23"]
[Round "2.4"]
[White "Maslik, Miroslav"]
[Black "Zpevak, Pavel"]
[Result "0-1"]
[WhiteElo "2355"]
[BlackElo "2343"]
[PlyCount "60"]
[EventDate "2016.??.??"]

1. e4 c5 2. Nc3 e6 3. Nge2 Nc6 4. d4 cxd4 5. Nxd4 Qc7 6. Be3 Nf6 7. Be2 a6 8.
O-O Bb4 9. Nxc6 bxc6 10. Qd4 c5 11. Qc4 Bb7 12. a3 d5 13. exd5 exd5 14. Bf4 Qc6
15. Qb3 Bxc3 16. bxc3 O-O 17. Rab1 Rfe8 18. Bf3 Re7 19. c4 Qe6 20. Qb6 Qf5 21.
Bd6 Rd7 22. Bxc5 Ne4 23. Be3 dxc4 24. Rfd1 Bd5 25. Qxa6 h6 26. Qb6 Rxa3 27. Bd4
Rxf3 28. gxf3 Qxf3 29. Be3 Nxf2 30. Qb8+ Kh7 0-1

[Event "SR Extraliga 2016/2017"]
[Site "?"]
[Date "2016.10.23"]
[Round "2.5"]
[White "Motuz, Karol"]
[Black "Federic, Jozef"]
[Result "1-0"]
[WhiteElo "2317"]
[BlackElo "2303"]
[PlyCount "107"]
[EventDate "2016.??.??"]

1. d4 d5 2. c4 c6 3. Nf3 Nf6 4. g3 Bf5 5. Nc3 e6 6. Bg2 Bd6 7. Nh4 Bg4 8. Qb3
Qb6 9. c5 Qxb3 10. axb3 Bc7 11. h3 Bh5 12. b4 Nbd7 13. b5 O-O 14. O-O e5 15. e3
Rfe8 16. g4 Bg6 17. Nxg6 hxg6 18. b4 exd4 19. exd4 Ne4 20. Nxe4 dxe4 21. bxc6
bxc6 22. Ra6 Nb8 23. Ra3 a6 24. f3 exf3 25. Bxf3 Ra7 26. d5 cxd5 27. Bxd5 Be5
28. Raf3 Kh7 29. Bxf7 Rd8 30. Bg5 Rd4 31. Re1 Bf6 32. Bxf6 Rxf7 33. Bxd4 Rxf3
34. Re6 Rb3 35. c6 Nxc6 36. Rxc6 Rxb4 37. Bc3 Re4 38. Rc7 Kh6 39. Bxg7+ Kg5 40.
Rc3 Re2 41. Rf3 a5 42. Bf6+ Kh6 43. Ra3 Re1+ 44. Kg2 Re2+ 45. Kg3 Re6 46. Rxa5
Rb6 47. Kh4 Rb4 48. Ra8 g5+ 49. Bxg5+ Kg6 50. Ra6+ Kh7 51. Kh5 Rb7 52. Re6 Rb3
53. Re7+ Kg8 54. Kg6 1-0

[Event "SR Extraliga 2016/2017"]
[Site "?"]
[Date "2016.10.23"]
[Round "2.7"]
[White "Veres, Andrej"]
[Black "Banas, Kamil"]
[Result "1/2-1/2"]
[WhiteElo "2199"]
[BlackElo "2240"]
[PlyCount "40"]
[EventDate "2016.??.??"]

1. d4 Nf6 2. Nf3 c5 3. e3 g6 4. Bd3 Bg7 5. O-O cxd4 6. exd4 d5 7. h3 O-O 8. c3
Nc6 9. Re1 a6 10. Bf4 Bf5 11. Bxf5 gxf5 12. Nbd2 Ne4 13. Nf1 e6 14. Ng3 Nxg3
15. Bxg3 Bf6 16. Qe2 Kh8 17. Ne5 Nxe5 18. Bxe5 Rg8 19. Rad1 Rc8 20. Rd3 Rg6
1/2-1/2

[Event "SR Extraliga 2016/2017"]
[Site "?"]
[Date "2016.10.23"]
[Round "2.8"]
[White "Matejovic, Juraj"]
[Black "Bombek, Peter"]
[Result "1/2-1/2"]
[WhiteElo "2218"]
[BlackElo "2196"]
[PlyCount "65"]
[EventDate "2016.??.??"]

1. e4 e6 2. d4 d5 3. Nd2 c5 4. exd5 exd5 5. Ngf3 Nf6 6. Bb5+ Bd7 7. Qe2+ Be7 8.
dxc5 O-O 9. Nb3 Re8 10. Be3 a6 11. Bd3 Ba4 12. Nfd2 Nbd7 13. O-O-O Nxc5 14.
Nxc5 Bxc5 15. Qf3 Bxe3 16. fxe3 Rc8 17. Kb1 Qc7 18. Nb3 Bxb3 19. axb3 Re5 20.
g4 Rce8 21. Qf4 Qe7 22. h4 Rxe3 23. g5 Nh5 24. Qf5 g6 25. Qxd5 Nf4 26. Qd4 Qe5
27. Qd7 Nxd3 28. Rxd3 Rxd3 29. Qxd3 Qe4 30. Qd1 Qe2 31. Qd7 Re7 32. Qd8+ Re8
33. Qd7 1/2-1/2

[Event "SR Extraliga 2016/2017"]
[Site "?"]
[Date "2016.10.23"]
[Round "2.1"]
[White "Cvek, Robert"]
[Black "Balog, Imre"]
[Result "0-1"]
[WhiteElo "2525"]
[BlackElo "2548"]
[PlyCount "112"]
[EventDate "2016.??.??"]

1. c4 Nf6 2. Nc3 e5 3. Nf3 Nc6 4. d3 d5 5. cxd5 Nxd5 6. g3 Be7 7. Bg2 Be6 8.
O-O O-O 9. a3 Nb6 10. Be3 f6 11. Rc1 Qd7 12. Ne4 Nd5 13. Bc5 b6 14. Bxe7 Ndxe7
15. b4 Rfd8 16. Qc2 Rac8 17. Qb2 a5 18. b5 Na7 19. Nc3 Nf5 20. a4 Qe7 21. Rc2
c5 22. bxc6 Nxc6 23. Nb5 Qb4 24. Qxb4 Nxb4 25. Rb2 Kf7 26. Bh3 Ke7 27. Kg2 h5
28. Nd2 g5 29. Bxf5 Bxf5 30. f3 Be6 31. Rfb1 Ba2 32. Ra1 Bd5 33. Rab1 g4 34.
Kf2 f5 35. Na3 gxf3 36. Nxf3 e4 37. dxe4 fxe4 38. Nh4 e3+ 39. Kg1 Be4 40. Re1
Rd2 41. Rb3 Nd5 42. Ng2 Rc3 43. Rxc3 Nxc3 44. Nf4 Nxa4 45. Nc4 Ra2 46. Nxe3 b5
47. Rc1 Kd6 48. h4 Nc5 49. Rd1+ Ke5 50. Rd8 a4 51. Re8+ Kd6 52. Rb8 Ra1+ 53.
Kf2 Rb1 54. Rb6+ Kd7 55. Ned5 a3 56. Nc3 b4 0-1

[Event "SR Extraliga 2016/2017"]
[Site "?"]
[Date "2016.10.23"]
[Round "2.2"]
[White "Kriebel, Tadeas"]
[Black "Pechac, Jergus"]
[Result "1/2-1/2"]
[WhiteElo "2445"]
[BlackElo "2431"]
[PlyCount "116"]
[EventDate "2016.??.??"]

1. c4 e5 2. g3 h5 3. Bg2 h4 4. Nc3 Nc6 5. d3 Bc5 6. e3 d6 7. a3 a5 8. b3 Nf6 9.
Bb2 Bg4 10. Qd2 h3 11. Bf3 Qd7 12. Bxg4 Qxg4 13. Qe2 Rh5 14. Qxg4 Nxg4 15. Nd5
Kd7 16. Ke2 Ne7 17. f3 Nf6 18. Nxe7 Kxe7 19. d4 exd4 20. exd4 Ba7 21. g4 Rhh8
22. Kd3 b5 23. Ne2 Rab8 24. Bc3 a4 25. bxa4 bxc4+ 26. Kxc4 c6 27. Rab1 Nd5 28.
a5 Kd7 29. Bd2 Rhe8 30. Nf4 Nxf4 31. Bxf4 Re2 32. Rxb8 Bxb8 33. Rb1 Kc8 34. d5
Rc2+ 35. Kd3 Ra2 36. Rb3 cxd5 37. a6 Rf2 38. Kd4 Rc2 39. Rc3+ Rxc3 40. Kxc3 Ba7
41. Bxd6 f6 42. Kb4 d4 43. Kc4 Kd7 44. Bg3 Kc6 45. f4 g6 46. f5 g5 47. a4 Kb6
48. Kxd4 Kxa6+ 49. Ke4 Ka5 50. Be5 fxe5 51. f6 Kxa4 52. f7 Bc5 53. Kxe5 Kb5 54.
Kf6 Kc6 55. Kxg5 Kd7 56. Kg6 Ke6 57. g5 Bf8 58. Kh5 Kxf7 1/2-1/2

[Event "SR Extraliga 2016/2017"]
[Site "?"]
[Date "2016.10.23"]
[Round "2.3"]
[White "Jablonicky, Martin"]
[Black "Straka, Jozef"]
[Result "1/2-1/2"]
[WhiteElo "2230"]
[BlackElo "2280"]
[PlyCount "70"]
[EventDate "2016.??.??"]

1. d4 d5 2. Nf3 Nf6 3. c4 e6 4. Nc3 Be7 5. Bg5 O-O 6. e3 Nbd7 7. Bd3 c6 8. O-O
dxc4 9. Bxc4 Nd5 10. Bxe7 Qxe7 11. Ne4 N5f6 12. Ng3 c5 13. Rc1 b6 14. e4 Bb7
15. d5 exd5 16. exd5 Ne5 17. Re1 Nxf3+ 18. Qxf3 Qd7 19. Qf5 Rfd8 20. Rcd1 Bxd5
21. Bxd5 Nxd5 22. Rxd5 Qxd5 23. Re8+ Rxe8 24. Qxd5 Rad8 25. Qb7 Re1+ 26. Nf1 g6
27. Qxa7 Rdd1 28. g3 Rxf1+ 29. Kg2 Ra1 30. Qxb6 Rg1+ 31. Kf3 Rxa2 32. Kg4 h6
33. Qb8+ Kg7 34. Qe5+ Kg8 35. Qe8+ Kg7 1/2-1/2

[Event "SR Extraliga 2016/2017"]
[Site "?"]
[Date "2016.10.23"]
[Round "2.4"]
[White "Maslikova, Veronika"]
[Black "Karas, Marek"]
[Result "0-1"]
[WhiteElo "2244"]
[BlackElo "2196"]
[PlyCount "146"]
[EventDate "2016.??.??"]

1. e4 e6 2. d4 d5 3. Nd2 a6 4. Bd3 c5 5. exd5 exd5 6. Qe2+ Qe7 7. dxc5 Qxe2+ 8.
Nxe2 Bxc5 9. Nb3 Bb6 10. Nbd4 Nf6 11. c3 O-O 12. Bg5 Ne4 13. Be3 Re8 14. O-O
Bc7 15. Bf4 Bb6 16. Bxb8 Rxb8 17. Rad1 Nf6 18. h3 Be6 19. Bc2 Bc7 20. Rfe1 Rbd8
21. Nf3 Bd7 22. Ned4 Rxe1+ 23. Rxe1 Re8 24. Rd1 Kf8 25. Bb3 Rd8 26. a3 h6 27.
Ne1 Be6 28. Nec2 Ne4 29. Ne3 Bb6 30. Ba2 Nf6 31. Kf1 g6 32. Ke2 Ke7 33. Bb1 Bd7
34. Bc2 Bc6 35. Bb3 Bc5 36. Ng4 Nxg4 37. hxg4 Kf6 38. f4 Bd7 39. Kf3 h5 40. g5+
Kg7 41. Re1 Bg4+ 42. Kg3 Kf8 43. Re5 Bxd4 44. cxd4 Be6 45. f5 Bxf5 46. Rxd5 Re8
47. Re5 Rd8 48. d5 Rd6 49. Kf4 Rb6 50. Re3 a5 51. g3 Bd7 52. a4 f6 53. gxf6
Rxf6+ 54. Ke5 Ke7 55. Bc2 g5 56. Rc3 Rb6 57. b3 h4 58. gxh4 gxh4 59. Be4 Rh6
60. Rc1 h3 61. Rg1 Rh5+ 62. Kd4 h2 63. Re1 Kd6 64. Bh1 Rh4+ 65. Re4 Rxe4+ 66.
Bxe4 Bg4 67. Bh1 Bd1 68. Kc3 Kc5 69. Bg2 Bh5 70. d6 Kxd6 71. Bxb7 Be8 72. b4
axb4+ 73. Kxb4 Bc6 0-1

[Event "SR Extraliga 2016/2017"]
[Site "?"]
[Date "2016.10.23"]
[Round "2.5"]
[White "Sahidi, Samir"]
[Black "Chovan, Milan"]
[Result "1/2-1/2"]
[WhiteElo "2215"]
[BlackElo "2207"]
[PlyCount "97"]
[EventDate "2016.??.??"]

1. d4 Nf6 2. c4 g6 3. Nc3 d5 4. Nf3 Bg7 5. Bf4 O-O 6. e3 c5 7. dxc5 Ne4 8. Be5
Nxc3 9. Bxc3 Bxc3+ 10. bxc3 Qa5 11. Qb3 dxc4 12. Qb4 Qc7 13. Bxc4 Nc6 14. Qa3
Bg4 15. Nd4 Ne5 16. Be2 Bxe2 17. Kxe2 b6 18. f4 bxc5 19. fxe5 cxd4 20. exd4 f6
21. exf6 Rxf6 22. Qb3+ Kg7 23. Kd3 Rb8 24. Qd5 Rd8 25. Qc4 Rc6 26. Qb4 a5 27.
Qa3 Rc8 28. Rac1 e5 29. Rhe1 Rd8 30. Re4 Rxd4+ 31. Rxd4 exd4 32. Qb2 Qc8 33.
Kd2 Qc7 34. Kd3 Qd7 35. Qf2 dxc3+ 36. Qd4+ Qxd4+ 37. Kxd4 c2 38. Kd3 Rd6+ 39.
Kxc2 h5 40. Re1 Rf6 41. Re2 Rf4 42. Kb3 h4 43. Rc2 a4+ 44. Ka3 g5 45. Rb2 Kg6
46. h3 Kf5 47. Rb5+ Kf6 48. Rb8 Kg6 49. Rb4 1/2-1/2

[Event "SR Extraliga 2016/2017"]
[Site "?"]
[Date "2016.10.23"]
[Round "2.6"]
[White "Peitl, Tomas"]
[Black "Jozefek, Michal"]
[Result "0-1"]
[WhiteElo "2209"]
[BlackElo "2178"]
[PlyCount "90"]
[EventDate "2016.??.??"]

1. e4 c5 2. Nf3 d6 3. d4 cxd4 4. Nxd4 Nf6 5. Nc3 Nc6 6. Be3 Ng4 7. Qd2 Nxe3 8.
Qxe3 g6 9. Nxc6 bxc6 10. Qd4 Rg8 11. Bc4 Qb6 12. Qd3 Bg7 13. Rb1 Qd4 14. Qe2
Rb8 15. O-O Be6 16. Bxe6 fxe6 17. Rfd1 Qc5 18. e5 Bxe5 19. Ne4 Qb4 20. c3 Qb7
21. Qg4 Rf8 22. Qxe6 Qd7 23. Qc4 d5 24. Qe2 Rf4 25. Ng3 Bd6 26. Qe3 Kf7 27. Rd4
e5 28. Rxf4+ exf4 29. Qf3 Kg7 30. Ne2 Qf5 31. Rd1 Rxb2 32. Nd4 Qd7 33. h4 Be5
34. a4 Ra2 35. Re1 Bxd4 36. cxd4 Qf5 37. Re7+ Kg8 38. Re5 Qf6 39. Qg4 Rxa4 40.
Qc8+ Kg7 41. Qd7+ Kh6 42. Qg4 Rxd4 43. Re6 f3 44. Qh3 Rd1+ 45. Kh2 Qf4+ 0-1

[Event "SR Extraliga 2016/2017"]
[Site "?"]
[Date "2016.10.23"]
[Round "2.7"]
[White "Bury, Rastislav"]
[Black "Sosovicka, Juraj"]
[Result "1/2-1/2"]
[WhiteElo "2159"]
[BlackElo "2179"]
[PlyCount "77"]
[EventDate "2016.??.??"]

1. d4 d5 2. Nf3 Nf6 3. g3 Bf5 4. Bg2 e6 5. O-O h6 6. b3 Nbd7 7. Bb2 c6 8. Nbd2
Be7 9. Ne5 Nxe5 10. dxe5 Nd7 11. e4 dxe4 12. Nxe4 Bxe4 13. Bxe4 Nc5 14. Qf3
Nxe4 15. Qxe4 O-O 16. Rfd1 Qc7 17. c4 Rad8 18. Bc3 Qb6 19. Kg2 Bb4 20. Qe1 a5
21. Rac1 Bxc3 22. Qxc3 Qb4 23. Qxb4 axb4 24. Kf3 Rxd1 25. Rxd1 Ra8 26. Rd2 Kf8
27. Ke4 c5 28. g4 Ke7 29. f4 g6 30. h3 Rd8 31. Rxd8 Kxd8 32. h4 Ke7 33. Kd3 Kd7
34. Kc2 Kc6 35. Kb2 Kb6 36. Kc2 Kc6 37. Kb2 Kb6 38. Kc2 Kc6 39. Kb2 1/2-1/2

[Event "SR Extraliga 2016/2017"]
[Site "?"]
[Date "2016.10.23"]
[Round "2.8"]
[White "Sosovicka, Matej"]
[Black "Spacek, Oliver"]
[Result "1-0"]
[WhiteElo "2169"]
[BlackElo "2100"]
[PlyCount "65"]
[EventDate "2016.??.??"]

1. e4 c5 2. Nf3 a6 3. c4 e6 4. d4 cxd4 5. Nxd4 Nf6 6. Nc3 Qc7 7. a3 b6 8. Be3
Bb7 9. f3 Be7 10. Be2 d6 11. O-O Nbd7 12. Rc1 O-O 13. Qd2 Rac8 14. Rfd1 Qb8 15.
b4 Rfe8 16. Bf1 Bd8 17. Kh1 Ne5 18. Na4 d5 19. exd5 exd5 20. c5 b5 21. Nc3 Nc4
22. Bxc4 dxc4 23. Bf4 Bc7 24. Bxc7 Qxc7 25. Nf5 Re6 26. Qg5 Ne8 27. Re1 Rd8 28.
c6 Bxc6 29. Rxe6 fxe6 30. Ne7+ Kh8 31. Nxc6 Rd3 32. Ne5 Rd4 33. Qe3 1-0

[Event "SR Extraliga 2016/2017"]
[Site "?"]
[Date "2016.12.17"]
[Round "3.1"]
[White "Repka, Christopher"]
[Black "Markos, Jan"]
[Result "0-1"]
[WhiteElo "2472"]
[BlackElo "2568"]
[PlyCount "83"]
[EventDate "2016.??.??"]

1. d4 Nf6 2. Nf3 c5 3. c3 b6 4. Bf4 Bb7 5. e3 g6 6. Nbd2 Bg7 7. h3 O-O 8. Be2
d6 9. O-O Nbd7 10. a4 a6 11. Bh2 Qb8 12. Qb3 Ne4 13. Nxe4 Bxe4 14. Ng5 Bc6 15.
Bc4 Qe8 16. h4 h6 17. Nh3 b5 18. axb5 axb5 19. Bxb5 Rb8 20. c4 cxd4 21. exd4
Bxb5 22. cxb5 Bxd4 23. Nf4 Ne5 24. Ra5 Qd8 25. Ra4 Bc5 26. Nd5 Qd7 27. b6 Qe6
28. Ra6 Nd7 29. Qd1 Nxb6 30. Rxb6 Bxb6 31. Re1 Qd7 32. Rxe7 Qf5 33. Bf4 Bxf2+
34. Kxf2 Rb5 35. Re5 Rxd5 36. Rxd5 Qxf4+ 37. Kg1 Qxh4 38. Rxd6 Re8 39. Kf1 Qf4+
40. Kg1 Qe3+ 41. Kf1 Re5 42. g4 0-1

[Event "SR Extraliga 2016/2017"]
[Site "?"]
[Date "2016.12.17"]
[Round "3.2"]
[White "Babula, Vlastimil"]
[Black "Svoboda, Svatopluk"]
[Result "0-1"]
[WhiteElo "2558"]
[BlackElo "2448"]
[PlyCount "52"]
[EventDate "2016.??.??"]

1. d4 e6 2. c4 f5 3. g3 Nf6 4. Bg2 Be7 5. Nf3 d6 6. O-O O-O 7. Nc3 Ne4 8. Qc2
Nxc3 9. bxc3 Nc6 10. d5 Na5 11. Qa4 b6 12. Nd4 Bd7 13. Qc2 e5 14. Nc6 Nxc6 15.
dxc6 Be6 16. Bd5 Bxd5 17. cxd5 Qe8 18. a4 a5 19. f4 Bf6 20. Bd2 Qh5 21. fxe5
Bxe5 22. Rf2 f4 23. g4 Qxg4+ 24. Kh1 f3 25. Qd3 Qh4 26. Kg1 Bxh2+ 0-1

[Event "SR Extraliga 2016/2017"]
[Site "?"]
[Date "2016.12.17"]
[Round "3.4"]
[White "Pcola, Pavol"]
[Black "Istona, Martin"]
[Result "1/2-1/2"]
[WhiteElo "2379"]
[BlackElo "2231"]
[PlyCount "42"]
[EventDate "2016.??.??"]

1. c4 c5 2. g3 Nc6 3. Bg2 g6 4. Nf3 Bg7 5. Nc3 e6 6. O-O Nge7 7. b3 d5 8. cxd5
exd5 9. Bb2 O-O 10. Na4 Bxb2 11. Nxb2 d4 12. Nd3 b6 13. Rc1 Nd5 14. b4 Ndxb4
15. Nxb4 Nxb4 16. Ne5 Rb8 17. a3 Qf6 18. axb4 Qxe5 19. bxc5 bxc5 20. Qc2 Qxe2
21. Qxc5 Qxd2 1/2-1/2

[Event "SR Extraliga 2016/2017"]
[Site "?"]
[Date "2016.12.17"]
[Round "3.5"]
[White "Kravec, Patrik"]
[Black "Pinter, Erik"]
[Result "1/2-1/2"]
[WhiteElo "2081"]
[BlackElo "2391"]
[PlyCount "102"]
[EventDate "2016.??.??"]

1. e4 c5 2. Nf3 Nc6 3. Nc3 g6 4. d4 cxd4 5. Nxd4 Bg7 6. Nxc6 bxc6 7. Bc4 Nf6 8.
O-O O-O 9. Qf3 e6 10. Bg5 h6 11. Bh4 g5 12. Bg3 d5 13. Bd3 Nd7 14. exd5 cxd5
15. Bd6 Ne5 16. Bxe5 Bxe5 17. Rab1 Rb8 18. Qe3 Qc7 19. Nb5 Bxh2+ 20. Kh1 Qe5
21. Qh3 Bf4 22. g3 Bd2 23. Qxh6 Qg7 24. Qxg7+ Kxg7 25. f3 Bd7 26. Nd4 Be3 27.
Nb3 f5 28. Kg2 e5 29. Rbe1 f4 30. Rh1 Rh8 31. c4 dxc4 32. Bxc4 Rxh1 33. Rxh1
Bc6 34. gxf4 g4 35. Be2 exf4 36. Rh4 gxf3+ 37. Bxf3 Rc8 38. Bxc6 Rxc6 39. Kf3
Rc2 40. Na5 Rf2+ 41. Ke4 Bc1 42. Nc4 Re2+ 43. Kf3 Rc2 44. Ne5 Bxb2 45. Kxf4
Bc1+ 46. Kf5 Rxa2 47. Rc4 Rf2+ 48. Ke6 Rf6+ 49. Kd5 Be3 50. Ng4 Rf5+ 51. Ke6
Rc5 1/2-1/2

[Event "SR Extraliga 2016/2017"]
[Site "?"]
[Date "2016.12.17"]
[Round "3.6"]
[White "Krak, Tomas"]
[Black "Goban, Marek"]
[Result "1-0"]
[WhiteElo "2304"]
[BlackElo "2051"]
[PlyCount "89"]
[EventDate "2016.??.??"]

1. c4 Nf6 2. Nc3 c5 3. Nf3 Nc6 4. e3 g6 5. d4 cxd4 6. exd4 d6 7. d5 Nb8 8. Be2
Bg7 9. O-O Bg4 10. Be3 Nbd7 11. Rc1 O-O 12. h3 Bxf3 13. Bxf3 Qa5 14. Be2 Rfc8
15. Rb1 Qd8 16. Qd2 Nc5 17. Bf3 Qd7 18. Rfe1 Na4 19. Ne2 Nb6 20. b3 Qd8 21. Nd4
a6 22. g3 Nbd7 23. Bg2 Qf8 24. Rbc1 Rc7 25. g4 Rac8 26. a4 Nc5 27. a5 Ne8 28.
Rb1 Nd7 29. f4 Nef6 30. Bf3 h6 31. Re2 Nc5 32. f5 g5 33. Rg2 Ncd7 34. h4 Nh7
35. Rf1 Bf6 36. Bd1 Ne5 37. Ne2 Nd7 38. Ng3 Nc5 39. Bc2 gxh4 40. Bxh6 Bd4+ 41.
Kh1 Bg7 42. Bxg7 Qxg7 43. f6 exf6 44. Nh5 Qf8 45. Bxh7+ 1-0

[Event "SR Extraliga 2016/2017"]
[Site "?"]
[Date "2016.12.17"]
[Round "3.7"]
[White "Cuker, Dusan"]
[Black "Skreno, Vladimir"]
[Result "1/2-1/2"]
[WhiteElo "2089"]
[BlackElo "2203"]
[PlyCount "21"]
[EventDate "2016.??.??"]

1. d4 Nf6 2. c4 g6 3. Nc3 Bg7 4. e4 d6 5. Nf3 O-O 6. Be2 e5 7. dxe5 dxe5 8.
Qxd8 Rxd8 9. Nxe5 Re8 10. f4 Na6 11. O-O 1/2-1/2

[Event "SR Extraliga 2016/2017"]
[Site "?"]
[Date "2016.12.17"]
[Round "3.8"]
[White "Rajnak, Daniel"]
[Black "Mrva, Vladimir"]
[Result "1/2-1/2"]
[WhiteElo "2139"]
[BlackElo "2108"]
[PlyCount "36"]
[EventDate "2016.??.??"]

1. d4 Nf6 2. Nf3 e6 3. e3 b6 4. Be2 Bb7 5. O-O Be7 6. b3 O-O 7. Bb2 Ne4 8. c4
d6 9. Qc2 Nd7 10. Nc3 Nxc3 11. Bxc3 d5 12. cxd5 exd5 13. Bb2 Rc8 14. Rac1 c6
15. Bd3 h6 16. Qe2 Re8 17. Rc2 Bd6 18. Rfc1 Rc7 1/2-1/2

[Event "SR Extraliga 2016/2017"]
[Site "?"]
[Date "2016.12.17"]
[Round "3.1"]
[White "Druska, Juraj"]
[Black "Vovk, Jurij"]
[Result "0-1"]
[WhiteElo "2448"]
[BlackElo "2603"]
[PlyCount "54"]
[EventDate "2016.??.??"]

1. e4 e6 2. d4 d5 3. Nd2 Nc6 4. Ngf3 Nf6 5. e5 Nd7 6. Be2 f6 7. exf6 Qxf6 8.
Nf1 Bd6 9. Ne3 O-O 10. O-O Qg6 11. c4 Nf6 12. Re1 Bd7 13. Qb3 a5 14. c5 Bf4 15.
g3 Ne4 16. Ng2 Bxc1 17. Raxc1 Qf6 18. Rcd1 g5 19. Ne3 a4 20. Qd3 h5 21. h3 Nb4
22. Qb1 Bb5 23. Bxb5 Qxf3 24. Re2 Rf6 25. Rf1 c6 26. Bd3 Nxd3 27. Qxd3 h4 0-1

[Event "SR Extraliga 2016/2017"]
[Site "?"]
[Date "2016.12.17"]
[Round "3.2"]
[White "Vetoshko, Volodymyr"]
[Black "Manik, Mikulas"]
[Result "1-0"]
[WhiteElo "2495"]
[BlackElo "2437"]
[PlyCount "57"]
[EventDate "2016.??.??"]

1. e4 c5 2. Nf3 d6 3. d4 cxd4 4. Nxd4 Nf6 5. f3 e5 6. Nb3 Be7 7. c4 a5 8. Be3
a4 9. Nc1 Nc6 10. Nc3 a3 11. b3 O-O 12. Qd2 Nh5 13. N1e2 Be6 14. Nb5 Nf4 15.
Nec3 f5 16. g3 Ng6 17. Bh3 Qd7 18. exf5 Bxf5 19. Bxf5 Rxf5 20. O-O Raf8 21. Ne4
h5 22. Nexd6 Kh7 23. Nxf5 Qxf5 24. Rad1 e4 25. fxe4 Qg4 26. Rxf8 Bxf8 27. Rf1
Qxe4 28. Nc3 Qg4 29. Qe2 1-0

[Event "SR Extraliga 2016/2017"]
[Site "?"]
[Date "2016.12.17"]
[Round "3.3"]
[White "Mikrut, Dariusz"]
[Black "Nayhebaver, Martin"]
[Result "1/2-1/2"]
[WhiteElo "2395"]
[BlackElo "2447"]
[PlyCount "45"]
[EventDate "2016.??.??"]

1. e4 c5 2. Nf3 d6 3. d4 cxd4 4. Nxd4 Nf6 5. Nc3 a6 6. Be3 e6 7. f3 b5 8. Qd2
Bb7 9. O-O-O Nbd7 10. g4 Nb6 11. Bd3 Rc8 12. Kb1 b4 13. Nce2 d5 14. e5 Nfd7 15.
Bg5 Qc7 16. f4 Nc4 17. Qc1 Nc5 18. Rhf1 Qb6 19. Bxc4 dxc4 20. f5 b3 21. fxe6
bxc2+ 22. Nxc2 Nxe6 23. Be3 1/2-1/2

[Event "SR Extraliga 2016/2017"]
[Site "?"]
[Date "2016.12.17"]
[Round "3.4"]
[White "Dovzik, Juri"]
[Black "Kusiak, Matej"]
[Result "1-0"]
[WhiteElo "2292"]
[BlackElo "2318"]
[PlyCount "111"]
[EventDate "2016.??.??"]

1. d4 g6 2. e4 Bg7 3. Nc3 d6 4. f4 a6 5. Nf3 b5 6. Be3 Bb7 7. Bd3 Nd7 8. a4 b4
9. Ne2 Ngf6 10. Ng3 h5 11. Ng5 Ng4 12. Bg1 c5 13. h3 Nh6 14. e5 h4 15. e6 Nf8
16. exf7+ Nxf7 17. Nxf7 Kxf7 18. Ne4 Bxe4 19. Bxe4 d5 20. Bf3 Ne6 21. f5 gxf5
22. Qd3 Kg6 23. dxc5 Bxb2 24. Rd1 Bc3+ 25. Kf1 Nf4 26. Qe3 e5 27. Bh2 d4 28.
Qxe5 Nh5 29. Bxa8 Re8 30. Qd6+ Qxd6 31. Bxd6 Rxa8 32. Kf2 Nf6 33. g4 hxg3+ 34.
Kxg3 Re8 35. Rhg1 Ne4+ 36. Kf4+ Kf6 37. Rg2 Ng5 38. Rxg5 Re4+ 39. Kf3 Kxg5 40.
c6 Re3+ 41. Kf2 Kf6 42. c7 Re8 43. Bf4 Ke6 44. h4 Kd5 45. h5 Ke4 46. Bg5 Rc8
47. Bd8 b3 48. cxb3 d3 49. h6 Bd4+ 50. Kf1 f4 51. b4 f3 52. h7 f2 53. b5 axb5
54. axb5 Kf3 55. b6 Ra8 56. b7 1-0

[Event "SR Extraliga 2016/2017"]
[Site "?"]
[Date "2016.12.17"]
[Round "3.6"]
[White "Najgebauer, Szemjon"]
[Black "Holtman, Teodor"]
[Result "1-0"]
[WhiteElo "2236"]
[BlackElo "2182"]
[PlyCount "55"]
[EventDate "2016.??.??"]

1. d4 Nf6 2. Nf3 c5 3. c4 cxd4 4. Nxd4 e5 5. Nc2 b5 6. e4 Bb7 7. f3 bxc4 8. Nc3
d5 9. exd5 Nxd5 10. Nxd5 Bxd5 11. Ne3 Bb4+ 12. Bd2 Bc5 13. Nxd5 Qxd5 14. Qa4+
Qc6 15. Qxc4 Qb6 16. Qb5+ Nd7 17. Qxb6 Nxb6 18. Rc1 Bd4 19. Bb5+ Kd8 20. b3 Rc8
21. Ke2 Ke7 22. Bb4+ Kf6 23. Ba6 Rxc1 24. Rxc1 Re8 25. Bb7 Rd8 26. Rc6+ Kf5 27.
g4+ Kf4 28. Bd2+ 1-0